| 000 | 01104nam a2200301 c 4500 | ||
|---|---|---|---|
| 999 |
_c131660 _d131660 |
||
| 003 | BLK | ||
| 005 | 20220513152715.0 | ||
| 008 | 180409b bul|||||r ||||||| ||bul|| | ||
| 010 | _aKNG00137487000 | ||
| 020 | _a978-619-204- ; 978-954-443- ; 954-90895- | ||
| 040 | _aBLK | ||
| 041 |
_aBUL _cBUL |
||
| 080 |
_aБългарска литература _b821.163.2 _x-31 _z821.163.2-31 |
||
| 100 | 1 |
_aГеновска, Веселина Маринова _eпърви автор _9378253 |
|
| 139 |
_aГеновска, Веселина Маринова _bГ 32 |
||
| 245 | 1 | 0 |
_aСедем години _bРоман _cВеселина Маринова Геновска. |
| 250 | _a2 изд. | ||
| 257 | _aBGR | ||
| 260 |
_aСофия _bБълг. писател _c1965 |
||
| 300 |
_a544 с. _c25 см |
||
| 380 | _aX | ||
| 500 | _a1. изд. 1960. - 10 100 тир. | ||
| 852 | _aЦб 33185 | ||
| 856 | 4 | _qpdf | |
| 856 | 4 | _qpdf | |
| 942 |
_cKNG _n0 _s1 |
||
| 944 |
_aCR _c20.09.2016 _kРадостина_Карадакова |
||
| 944 |
_aED _c20.09.2016 _kРадостина_Карадакова |
||
| 999 | _d131660 | ||